[Event "World Youth & Cadets Blitz Championships"]
[Site "Rhodes, Greece"]
[Date "2022.05.03"]
[Round "2.31"]
[White "Hryzlova, Sofiia"]
[Black "Krzyzosiak, Marta"]
[Result "1-0"]
[TimeControl "5'/game & 2\"/move"]
[WhiteElo "2021"]
[BlackElo "1641"]

1. d4 {[%clk 00:05:02]} {[%emt 00:00:01]} Nf6 {[%clk 00:05:03]} {[%emt
00:00:02]} 2. c4 {[%clk 00:05:02]} {[%emt 00:00:02]} g6 {[%clk 00:05:03]}
{[%emt 00:00:02]} 3. Nc3 {[%clk 00:05:03]} {[%emt 00:00:02]} Bg7 {[%clk
00:05:04]} {[%emt 00:00:01]} 4. e4 {[%clk 00:05:03]} {[%emt 00:00:02]} d6
{[%clk 00:05:04]} {[%emt 00:00:01]} 5. h3 {[%clk 00:05:04]} {[%emt 00:00:01]}
e5 {[%clk 00:05:03]} {[%emt 00:00:03]} 6. d5 {[%clk 00:05:04]} {[%emt
00:00:02]} Nbd7 {[%clk 00:04:56]} {[%emt 00:00:10]} 7. g4 {[%clk 00:05:01]}
{[%emt 00:00:04]} Nc5 {[%clk 00:04:47]} {[%emt 00:00:12]} 8. f3 {[%clk
00:05:01]} {[%emt 00:00:01]} a5 {[%clk 00:04:44]} {[%emt 00:00:05]} 9. Be3
{[%clk 00:05:00]} {[%emt 00:00:04]} b6 {[%clk 00:04:43]} {[%emt 00:00:03]} 10.
Qd2 {[%emt 00:00:10]} h5 {[%clk 00:04:38]} 11. Bg2 {[%clk 00:04:42]} {[%emt
00:00:19]} hxg4 {[%clk 00:04:08]} {[%emt 00:00:31]} 12. hxg4 {[%clk 00:04:41]}
{[%emt 00:00:02]} Rxh1 {[%clk 00:03:40]} {[%emt 00:00:31]} 13. Bxh1 {[%clk
00:04:41]} {[%emt 00:00:02]} Ng8 {[%clk 00:03:33]} {[%emt 00:00:10]} 14. Qh2
{[%clk 00:04:27]} {[%emt 00:00:16]} Qe7 {[%clk 00:02:45]} {[%emt 00:00:50]} 15.
O-O-O {[%clk 00:03:58]} {[%emt 00:00:30]} Bd7 {[%clk 00:02:32]} {[%emt
00:00:15]} 16. Bg2 {[%clk 00:03:36]} {[%emt 00:00:24]} O-O-O {[%clk 00:02:26]}
{[%emt 00:00:08]} 17. Nge2 {[%clk 00:03:33]} {[%emt 00:00:06]} f5 {[%clk
00:02:14]} {[%emt 00:00:14]} 18. gxf5 {[%clk 00:03:09]} {[%emt 00:00:26]} gxf5
{[%clk 00:02:14]} {[%emt 00:00:01]} 19. Bh3 {[%clk 00:03:09]} {[%emt 00:00:01]}
fxe4 {[%clk 00:02:08]} {[%emt 00:00:09]} 20. fxe4 {[%clk 00:02:44]} {[%emt
00:00:27]} Bxh3 {[%clk 00:02:07]} {[%emt 00:00:03]} 21. Qxh3+ {[%clk 00:02:44]}
{[%emt 00:00:02]} Qd7 {[%clk 00:02:08]} 22. Qg2 {[%clk 00:02:35]} {[%emt
00:00:11]} Bh6 {[%clk 00:01:49]} {[%emt 00:00:23]} 23. Bxh6 {[%clk 00:02:20]}
{[%emt 00:00:17]} Nxh6 {[%clk 00:01:50]} {[%emt 00:00:01]} 24. Rh1 {[%clk
00:02:20]} {[%emt 00:00:01]} Ng8 {[%clk 00:01:49]} {[%emt 00:00:03]} 25. Qg5
{[%clk 00:02:09]} {[%emt 00:00:13]} Qe7 {[%clk 00:01:32]} {[%emt 00:00:19]} 26.
Qf5+ {[%clk 00:01:51]} {[%emt 00:00:20]} Qd7 {[%clk 00:01:12]} {[%emt
00:00:22]} 27. Qf3 {[%clk 00:01:50]} {[%emt 00:00:03]} Qe7 {[%clk 00:01:05]}
{[%emt 00:00:10]} 28. Ng3 {[%clk 00:01:46]} {[%emt 00:00:05]} Qg5+ {[%clk
00:00:58]} {[%emt 00:00:09]} 29. Kb1 {[%clk 00:01:47]} {[%emt 00:00:02]} Qd2
{[%clk 00:00:52]} {[%emt 00:00:07]} 30. Rd1 {[%clk 00:01:38]} {[%emt 00:00:11]}
Qh2 {[%clk 00:00:47]} {[%emt 00:00:07]} 31. Nb5 {[%clk 00:01:23]} {[%emt
00:00:17]} Kb7 {[%clk 00:00:40]} {[%emt 00:00:09]} 32. Ne2 {[%clk 00:00:51]}
{[%emt 00:00:34]} Ne7 {[%clk 00:00:15]} {[%emt 00:00:27]} 33. Rh1 {[%clk
00:00:49]} {[%emt 00:00:03]} 1-0

[Event "World Youth & Cadets Blitz Championships"]
[Site "Rhodes, Greece"]
[Date "2022.05.03"]
[Round "2.32"]
[White "Can, Isil"]
[Black "Nurgali, Nazerke"]
[Result "1/2-1/2"]
[TimeControl "5'/game & 2\"/move"]
[WhiteElo "1687"]
[BlackElo "2016"]

1. e4 {[%clk 00:05:03]} c5 {[%clk 00:05:04]} 2. Nf3 {[%clk 00:05:04]} {[%emt
00:00:02]} Nc6 {[%clk 00:05:04]} {[%emt 00:00:01]} 3. d4 {[%clk 00:05:04]}
{[%emt 00:00:01]} cxd4 {[%clk 00:05:05]} {[%emt 00:00:02]} 4. Nxd4 {[%clk
00:05:05]} {[%emt 00:00:01]} Nf6 {[%clk 00:05:06]} {[%emt 00:00:01]} 5. Nc3
{[%clk 00:05:06]} {[%emt 00:00:01]} e6 {[%clk 00:05:07]} {[%emt 00:00:01]} 6.
Be3 {[%clk 00:04:57]} {[%emt 00:00:11]} Bb4 {[%clk 00:05:07]} {[%emt 00:00:02]}
7. Bd3 {[%clk 00:04:31]} {[%emt 00:00:28]} d5 {[%clk 00:05:07]} {[%emt
00:00:02]} 8. exd5 {[%clk 00:03:58]} {[%emt 00:00:35]} Nxd5 {[%clk 00:05:02]}
{[%emt 00:00:07]} 9. Nxc6 {[%clk 00:03:30]} {[%emt 00:00:30]} bxc6 {[%clk
00:04:54]} {[%emt 00:00:09]} 10. Bd2 {[%clk 00:03:24]} {[%emt 00:00:09]} O-O
{[%clk 00:04:33]} {[%emt 00:00:23]} 11. O-O {[%clk 00:03:09]} {[%emt 00:00:17]}
Nxc3 {[%clk 00:04:29]} {[%emt 00:00:05]} 12. bxc3 {[%clk 00:03:00]} {[%emt
00:00:12]} Be7 {[%clk 00:04:27]} {[%emt 00:00:03]} 13. c4 {[%clk 00:02:51]}
{[%emt 00:00:11]} e5 {[%clk 00:03:35]} {[%emt 00:00:54]} 14. Rb1 {[%clk
00:02:52]} {[%emt 00:00:01]} f5 {[%clk 00:03:28]} {[%emt 00:00:09]} 15. f3
{[%clk 00:02:40]} {[%emt 00:00:16]} Be6 {[%clk 00:03:22]} {[%emt 00:00:07]} 16.
Bc3 {[%clk 00:02:29]} {[%emt 00:00:13]} Bf6 {[%clk 00:02:50]} {[%emt 00:00:34]}
17. Re1 {[%clk 00:02:24]} {[%emt 00:00:07]} Qd6 {[%clk 00:02:46]} {[%emt
00:00:06]} 18. Qe2 {[%clk 00:02:24]} {[%emt 00:00:02]} e4 {[%clk 00:02:19]}
{[%emt 00:00:29]} 19. Bxf6 {[%clk 00:02:08]} {[%emt 00:00:18]} exd3 {[%clk
00:02:09]} {[%emt 00:00:11]} 20. Qxe6+ {[%clk 00:02:09]} {[%emt 00:00:02]} Qxe6
{[%clk 00:02:10]} {[%emt 00:00:01]} 21. Rxe6 {[%clk 00:02:10]} dxc2 {[%clk
00:02:06]} {[%emt 00:00:06]} 22. Rc1 {[%clk 00:02:06]} {[%emt 00:00:06]} Rxf6
{[%clk 00:02:03]} {[%emt 00:00:05]} 23. Rxf6 {[%clk 00:02:06]} {[%emt
00:00:03]} gxf6 {[%clk 00:02:04]} 24. Rxc2 {[%clk 00:02:07]} {[%emt 00:00:01]}
Rb8 {[%clk 00:01:56]} {[%emt 00:00:10]} 25. Rd2 {[%clk 00:02:02]} {[%emt
00:00:07]} Rb4 {[%clk 00:01:52]} {[%emt 00:00:05]} 26. Rd8+ {[%clk 00:01:38]}
{[%emt 00:00:27]} Kg7 {[%clk 00:01:53]} {[%emt 00:00:02]} 27. Rd7+ {[%clk
00:01:39]} {[%emt 00:00:01]} Kg6 {[%clk 00:01:53]} 28. Rxa7 {[%clk 00:01:40]}
{[%emt 00:00:01]} Rxc4 {[%clk 00:01:54]} {[%emt 00:00:01]} 29. a4 {[%clk
00:01:35]} {[%emt 00:00:07]} f4 {[%clk 00:01:48]} {[%emt 00:00:07]} 30. a5
{[%clk 00:01:20]} {[%emt 00:00:19]} Rc1+ {[%clk 00:01:47]} {[%emt 00:00:02]} 31.
Kf2 {[%clk 00:01:21]} Rc2+ {[%clk 00:01:48]} {[%emt 00:00:01]} 32. Kg1 {[%clk
00:01:21]} {[%emt 00:00:01]} Rc1+ {[%clk 00:01:39]} {[%emt 00:00:12]} 33. Kf2
{[%clk 00:01:22]} {[%emt 00:00:01]} Rc2+ {[%clk 00:01:40]} 34. Kg1 {[%clk
00:01:23]} {[%emt 00:00:01]} Rc1+ {[%clk 00:01:41]} {[%emt 00:00:01]} 1/2-1/2

[Event "World Youth & Cadets Blitz Championships"]
[Site "Rhodes, Greece"]
[Date "2022.05.03"]
[Round "2.33"]
[White "Sala, Giulia"]
[Black "Omonova, Umida"]
[Result "0-1"]
[TimeControl "5'/game & 2\"/move"]
[WhiteElo "1648"]
[BlackElo "1817"]

1. e4 {[%clk 00:05:02]} {[%emt 00:00:02]} c5 {[%clk 00:05:03]} {[%emt
00:00:01]} 2. Nf3 {[%clk 00:05:02]} {[%emt 00:00:01]} Nc6 {[%clk 00:05:05]} 3.
d4 {[%clk 00:05:03]} {[%emt 00:00:02]} cxd4 {[%clk 00:05:06]} 4. Nxd4 {[%clk
00:05:04]} {[%emt 00:00:02]} g6 {[%clk 00:05:07]} {[%emt 00:00:01]} 5. Nc3
{[%clk 00:05:04]} {[%emt 00:00:02]} Bg7 {[%clk 00:05:09]} {[%emt 00:00:01]} 6.
Be3 {[%clk 00:05:05]} {[%emt 00:00:01]} Nf6 {[%clk 00:05:10]} 7. Nxc6 {[%clk
00:05:04]} {[%emt 00:00:03]} bxc6 {[%clk 00:05:11]} {[%emt 00:00:01]} 8. e5
{[%clk 00:05:04]} {[%emt 00:00:01]} Ng8 {[%clk 00:05:12]} 9. f4 {[%clk
00:05:05]} Nh6 {[%clk 00:05:09]} {[%emt 00:00:05]} 10. Qd2 {[%clk 00:05:04]}
{[%emt 00:00:03]} O-O {[%emt 00:00:14]} 11. h3 {[%emt 00:00:11]} f6 {[%emt
00:01:20]} 12. exf6 {[%clk 00:03:38]} {[%emt 00:00:23]} exf6 {[%clk 00:04:36]}
{[%emt 00:00:02]} 13. g4 {[%clk 00:03:36]} {[%emt 00:00:03]} f5 {[%clk
00:04:35]} {[%emt 00:00:03]} 14. g5 {[%clk 00:03:25]} {[%emt 00:00:13]} Nf7
{[%clk 00:04:35]} {[%emt 00:00:02]} 15. O-O-O {[%clk 00:03:25]} {[%emt
00:00:01]} Re8 {[%clk 00:04:34]} {[%emt 00:00:04]} 16. Bg2 {[%clk 00:03:19]}
{[%emt 00:00:08]} d5 {[%emt 00:00:07]} 17. Na4 {[%emt 00:00:12]} Rb8 {[%clk
00:04:25]} {[%emt 00:00:02]} 18. h4 {[%clk 00:02:58]} {[%emt 00:00:16]} Nd6
{[%clk 00:04:26]} {[%emt 00:00:01]} 19. Bd4 {[%clk 00:02:41]} {[%emt 00:00:19]}
Nc4 {[%emt 00:00:19]} 20. Qc3 {[%clk 00:02:29]} Re3 {[%clk 00:03:39]} {[%emt
00:00:47]} 21. Rd3 {[%clk 00:02:30]} {[%emt 00:00:01]} Rxd3 {[%clk 00:03:40]}
{[%emt 00:00:01]} 22. Qxd3 {[%clk 00:02:31]} {[%emt 00:00:01]} Bxd4 {[%clk
00:03:39]} {[%emt 00:00:03]} 23. Qxd4 {[%clk 00:02:30]} {[%emt 00:00:03]} Qe7
{[%clk 00:03:41]} {[%emt 00:00:01]} 24. Bf3 {[%clk 00:01:31]} {[%emt 00:01:01]}
Bd7 {[%clk 00:03:08]} {[%emt 00:00:35]} 25. h5 {[%emt 00:00:44]} gxh5 {[%clk
00:02:51]} {[%emt 00:00:01]} 26. Bxh5 {[%clk 00:00:55]} {[%emt 00:00:14]} Be8
{[%emt 00:00:31]} 27. Bf3 {[%clk 00:00:48]} Bg6 {[%clk 00:02:28]} {[%emt
00:00:03]} 28. b3 {[%emt 00:00:19]} Qa3+ {[%clk 00:02:02]} {[%emt 00:00:20]} 29.
Kb1 {[%clk 00:00:41]} Qxa4 {[%clk 00:01:59]} {[%emt 00:00:06]} 30. Kc1 {[%emt
00:00:16]} Qa3+ {[%clk 00:01:51]} {[%emt 00:00:10]} 31. Kd1 {[%clk 00:00:27]}
Nd6 {[%emt 00:00:08]} 32. Qe5 {[%clk 00:00:13]} {[%emt 00:00:15]} Re8 {[%clk
00:01:47]} {[%emt 00:00:02]} 33. Qf6 {[%clk 00:00:09]} {[%emt 00:00:06]} Ne4
{[%clk 00:01:29]} 34. Qxc6 {[%clk 00:00:09]} {[%emt 00:00:21]} Nf2+ {[%emt
00:00:12]} 35. Kd2 {[%clk 00:00:10]} Qb4+ {[%clk 00:01:21]} {[%emt 00:00:01]}
36. c3 {[%clk 00:00:11]} Qxf4+ {[%clk 00:01:21]} {[%emt 00:00:01]} 37. Kc2
{[%clk 00:00:08]} {[%emt 00:00:05]} Qxf3 {[%clk 00:01:22]} 38. Rxh7 {[%clk
00:00:04]} {[%emt 00:00:06]} Re2+ {[%clk 00:01:13]} {[%emt 00:00:11]} 0-1

[Event "World Youth & Cadets Blitz Championships"]
[Site "Rhodes, Greece"]
[Date "2022.05.03"]
[Round "2.34"]
[White "Blokhin, Sofia"]
[Black "Chuchukova, Stefani"]
[Result "0-1"]
[TimeControl "5'/game & 2\"/move"]
[WhiteElo "1764"]
[BlackElo "1449"]

1. e4 {[%clk 00:05:03]} d5 {[%clk 00:05:03]} {[%emt 00:00:02]} 2. exd5 {[%clk
00:05:03]} {[%emt 00:00:01]} Qxd5 {[%clk 00:05:04]} {[%emt 00:00:01]} 3. Nc3
{[%clk 00:05:04]} {[%emt 00:00:02]} Qe6+ {[%clk 00:05:06]} {[%emt 00:00:01]} 4.
Be2 {[%clk 00:05:03]} {[%emt 00:00:02]} Qg6 {[%clk 00:05:07]} {[%emt 00:00:02]}
5. Nf3 {[%clk 00:05:02]} {[%emt 00:00:02]} Nc6 {[%clk 00:05:06]} {[%emt
00:00:03]} 6. d4 {[%clk 00:04:55]} {[%emt 00:00:09]} Bf5 {[%clk 00:05:00]}
{[%emt 00:00:08]} 7. Nh4 {[%clk 00:04:21]} {[%emt 00:00:35]} Qf6 {[%clk
00:05:00]} {[%emt 00:00:02]} 8. Nxf5 {[%clk 00:04:17]} {[%emt 00:00:07]} Qxf5
{[%clk 00:05:00]} {[%emt 00:00:02]} 9. d5 {[%clk 00:03:55]} {[%emt 00:00:25]}
Nb4 {[%clk 00:04:36]} {[%emt 00:00:25]} 10. Bb5+ {[%clk 00:03:45]} {[%emt
00:00:12]} c6 {[%clk 00:04:24]} {[%emt 00:00:13]} 11. dxc6 {[%clk 00:03:34]}
{[%emt 00:00:14]} bxc6 {[%clk 00:04:16]} {[%emt 00:00:10]} 12. Ba4 {[%clk
00:03:25]} {[%emt 00:00:10]} Rd8 {[%clk 00:03:51]} {[%emt 00:00:28]} 13. Qe2
{[%clk 00:03:20]} {[%emt 00:00:07]} Rd6 {[%clk 00:03:33]} {[%emt 00:00:20]} 14.
O-O {[%clk 00:02:55]} {[%emt 00:00:26]} Nf6 {[%clk 00:03:08]} {[%emt 00:00:28]}
15. Qc4 {[%clk 00:02:41]} {[%emt 00:00:17]} Nxc2 {[%clk 00:01:49]} {[%emt
00:01:20]} 16. Bxc2 {[%clk 00:02:17]} {[%emt 00:00:25]} Qxc2 {[%clk 00:01:49]}
{[%emt 00:00:03]} 17. Bf4 {[%clk 00:02:09]} {[%emt 00:00:10]} Qd3 {[%clk
00:01:34]} {[%emt 00:00:17]} 18. Qa4 {[%clk 00:01:20]} {[%emt 00:00:51]} e5
{[%clk 00:00:50]} {[%emt 00:00:46]} 19. Bxe5 {[%clk 00:00:58]} {[%emt
00:00:24]} Re6 {[%clk 00:00:51]} {[%emt 00:00:01]} 20. Rad1 {[%clk 00:00:48]}
{[%emt 00:00:12]} Qf5 {[%clk 00:00:38]} {[%emt 00:00:14]} 21. Qxa7 {[%clk
00:00:16]} {[%emt 00:00:34]} Bc5 {[%clk 00:00:24]} {[%emt 00:00:17]} 22. Qxc5
{[%clk 00:00:08]} {[%emt 00:00:10]} Qxe5 {[%clk 00:00:23]} {[%emt 00:00:03]} 23.
Qxe5 {[%clk 00:00:05]} {[%emt 00:00:04]} Rxe5 {[%clk 00:00:24]} {[%emt
00:00:02]} 24. Rfe1 {[%clk 00:00:06]} {[%emt 00:00:01]} Rxe1+ {[%clk 00:00:24]}
{[%emt 00:00:02]} 25. Rxe1+ {[%clk 00:00:07]} {[%emt 00:00:01]} Kd7 {[%clk
00:00:26]} 26. Rd1+ {[%clk 00:00:08]} {[%emt 00:00:01]} Kc7 {[%clk 00:00:28]}
27. h3 {[%clk 00:00:08]} {[%emt 00:00:02]} Rb8 {[%clk 00:00:29]} {[%emt
00:00:01]} 28. b3 {[%clk 00:00:07]} {[%emt 00:00:02]} Ra8 {[%clk 00:00:26]}
{[%emt 00:00:05]} 29. Re1 {[%clk 00:00:07]} {[%emt 00:00:01]} Kd7 {[%clk
00:00:26]} {[%emt 00:00:02]} 30. Rd1+ {[%clk 00:00:06]} {[%emt 00:00:03]} Kc7
{[%clk 00:00:28]} 31. Rd4 {[%clk 00:00:06]} {[%emt 00:00:02]} Re8 {[%clk
00:00:28]} {[%emt 00:00:02]} 32. Ra4 {[%clk 00:00:06]} {[%emt 00:00:03]} Re1+
{[%clk 00:00:28]} {[%emt 00:00:02]} 33. Kh2 {[%clk 00:00:07]} Rc1 {[%clk
00:00:28]} {[%emt 00:00:02]} 34. Ne4 {[%clk 00:00:04]} {[%emt 00:00:06]} Nxe4
{[%clk 00:00:25]} {[%emt 00:00:04]} 35. Rxe4 {[%clk 00:00:05]} {[%emt
00:00:01]} Kd6 {[%clk 00:00:24]} {[%emt 00:00:03]} 36. Rd4+ {[%clk 00:00:05]}
{[%emt 00:00:01]} Ke6 {[%clk 00:00:24]} {[%emt 00:00:02]} 37. Ra4 {[%clk
00:00:06]} Rc2 {[%clk 00:00:25]} {[%emt 00:00:02]} 38. b4 {[%clk 00:00:07]}
{[%emt 00:00:02]} Rxf2 {[%clk 00:00:24]} {[%emt 00:00:02]} 39. Kg3 {[%clk
00:00:07]} {[%emt 00:00:01]} Rb2 {[%clk 00:00:25]} {[%emt 00:00:01]} 40. a3
{[%clk 00:00:07]} {[%emt 00:00:03]} Kd5 {[%clk 00:00:24]} {[%emt 00:00:03]} 41.
Ra5+ {[%clk 00:00:07]} {[%emt 00:00:02]} Kd6 {[%clk 00:00:24]} {[%emt
00:00:02]} 42. Ra7 {[%clk 00:00:08]} {[%emt 00:00:02]} Ke6 {[%clk 00:00:25]}
{[%emt 00:00:01]} 43. Rb7 {[%clk 00:00:07]} {[%emt 00:00:02]} Rb3+ {[%clk
00:00:24]} {[%emt 00:00:03]} 44. Kh2 {[%clk 00:00:05]} {[%emt 00:00:04]} Rxa3
{[%clk 00:00:24]} {[%emt 00:00:02]} 45. Rb6 {[%clk 00:00:05]} {[%emt 00:00:02]}
Kd6 {[%clk 00:00:22]} {[%emt 00:00:04]} 46. b5 {[%clk 00:00:06]} {[%emt
00:00:01]} Rc3 {[%clk 00:00:23]} {[%emt 00:00:02]} 47. bxc6 {[%clk 00:00:04]}
{[%emt 00:00:03]} Rxc6 {[%clk 00:00:23]} {[%emt 00:00:02]} 48. Rb7 {[%clk
00:00:05]} Rc7 {[%clk 00:00:24]} {[%emt 00:00:02]} 49. Rb6+ {[%clk 00:00:06]}
Ke5 {[%clk 00:00:25]} 50. Rb5+ {[%clk 00:00:07]} {[%emt 00:00:01]} Ke4 {[%clk
00:00:26]} {[%emt 00:00:01]} 51. Rh5 {[%clk 00:00:07]} {[%emt 00:00:02]} h6
{[%clk 00:00:27]} 52. Rh4+ {[%clk 00:00:07]} {[%emt 00:00:02]} Ke3 {[%clk
00:00:28]} {[%emt 00:00:01]} 53. Rg4 {[%clk 00:00:07]} {[%emt 00:00:02]} g6
{[%clk 00:00:28]} {[%emt 00:00:02]} 54. Rh4 {[%clk 00:00:07]} {[%emt 00:00:01]}
h5 {[%clk 00:00:29]} {[%emt 00:00:02]} 55. Ra4 {[%clk 00:00:06]} {[%emt
00:00:02]} Kf2 {[%clk 00:00:24]} {[%emt 00:00:08]} 56. Ra2+ {[%clk 00:00:06]}
{[%emt 00:00:02]} Ke3 {[%clk 00:00:24]} {[%emt 00:00:02]} 57. Ra3+ {[%clk
00:00:05]} {[%emt 00:00:03]} Ke4 {[%clk 00:00:25]} 58. Ra4+ {[%clk 00:00:06]}
{[%emt 00:00:01]} Kf5 {[%clk 00:00:25]} {[%emt 00:00:02]} 59. Ra5+ {[%clk
00:00:06]} {[%emt 00:00:02]} Kf6 {[%clk 00:00:26]} {[%emt 00:00:01]} 60. Ra6+
{[%clk 00:00:07]} {[%emt 00:00:01]} Kg5 {[%clk 00:00:26]} {[%emt 00:00:02]} 61.
Ra5+ {[%clk 00:00:07]} {[%emt 00:00:02]} f5 {[%clk 00:00:27]} 62. Ra6 {[%clk
00:00:07]} {[%emt 00:00:02]} h4 {[%clk 00:00:25]} {[%emt 00:00:05]} 63. Kg1
{[%clk 00:00:07]} {[%emt 00:00:02]} Rc2 {[%clk 00:00:22]} {[%emt 00:00:04]} 64.
Kf1 {[%clk 00:00:06]} {[%emt 00:00:03]} Kh5 {[%clk 00:00:18]} {[%emt 00:00:05]}
65. Rb6 {[%clk 00:00:07]} {[%emt 00:00:02]} g5 {[%clk 00:00:13]} {[%emt
00:00:07]} 66. Rb8 {[%clk 00:00:06]} {[%emt 00:00:03]} g4 {[%clk 00:00:14]}
{[%emt 00:00:01]} 67. Rh8+ {[%clk 00:00:05]} {[%emt 00:00:02]} Kg5 {[%clk
00:00:16]} {[%emt 00:00:01]} 68. Rg8+ {[%clk 00:00:04]} {[%emt 00:00:03]} Kf4
{[%clk 00:00:17]} 69. hxg4 {[%clk 00:00:05]} {[%emt 00:00:01]} fxg4 {[%clk
00:00:18]} {[%emt 00:00:01]} 70. Rh8 {[%clk 00:00:05]} {[%emt 00:00:02]} Kg3
{[%clk 00:00:19]} {[%emt 00:00:01]} 71. Rg8 {[%clk 00:00:03]} {[%emt 00:00:03]}
Rf2+ {[%clk 00:00:19]} {[%emt 00:00:02]} 72. Ke1 {[%clk 00:00:04]} {[%emt
00:00:02]} Rxg2 {[%clk 00:00:20]} 73. Kf1 {[%clk 00:00:05]} {[%emt 00:00:01]}
Ra2 {[%clk 00:00:20]} {[%emt 00:00:03]} 74. Ke1 {[%clk 00:00:05]} {[%emt
00:00:01]} h3 {[%clk 00:00:19]} {[%emt 00:00:02]} 75. Rh8 {[%clk 00:00:06]}
{[%emt 00:00:02]} h2 {[%clk 00:00:20]} 76. Kd1 {[%clk 00:00:05]} {[%emt
00:00:03]} h1=Q+ {[%clk 00:00:19]} {[%emt 00:00:03]} 77. Rxh1 {[%clk 00:00:05]}
{[%emt 00:00:01]} Ra1+ {[%clk 00:00:21]} {[%emt 00:00:02]} 78. Ke2 {[%clk
00:00:05]} {[%emt 00:00:01]} Rxh1 {[%clk 00:00:21]} {[%emt 00:00:01]} 0-1

[Event "World Youth & Cadets Blitz Championships"]
[Site "Rhodes, Greece"]
[Date "2022.05.03"]
[Round "2.35"]
[White "Aydin, Gulenay"]
[Black "Siekanska, Maria"]
[Result "1-0"]
[TimeControl "5'/game & 2\"/move"]
[WhiteElo "1429"]
[BlackElo "1723"]

1. e4 {[%clk 00:05:03]} c5 {[%clk 00:05:03]} {[%emt 00:00:02]} 2. Nc3 {[%clk
00:04:59]} {[%emt 00:00:06]} d6 {[%clk 00:04:51]} {[%emt 00:00:14]} 3. Bb5+
{[%clk 00:04:55]} {[%emt 00:00:05]} Bd7 {[%clk 00:04:50]} {[%emt 00:00:03]} 4.
Bxd7+ {[%clk 00:04:56]} {[%emt 00:00:02]} Qxd7 {[%clk 00:04:50]} {[%emt
00:00:02]} 5. f4 {[%clk 00:04:29]} {[%emt 00:00:28]} g6 {[%clk 00:04:18]}
{[%emt 00:00:34]} 6. Nf3 {[%clk 00:04:28]} {[%emt 00:00:04]} Bg7 {[%clk
00:04:18]} {[%emt 00:00:02]} 7. O-O {[%clk 00:04:28]} {[%emt 00:00:02]} Nc6
{[%clk 00:04:09]} {[%emt 00:00:10]} 8. d3 {[%clk 00:04:03]} {[%emt 00:00:27]}
Nf6 {[%clk 00:03:50]} {[%emt 00:00:21]} 9. h3 {[%clk 00:03:36]} {[%emt
00:00:29]} O-O-O {[%clk 00:03:25]} {[%emt 00:00:28]} 10. Be3 {[%clk 00:03:24]}
{[%emt 00:00:13]} Rdg8 {[%clk 00:03:02]} {[%emt 00:00:25]} 11. Rb1 {[%clk
00:03:22]} {[%emt 00:00:05]} h6 {[%clk 00:02:59]} {[%emt 00:00:05]} 12. Nh2
{[%clk 00:02:52]} {[%emt 00:00:31]} g5 {[%clk 00:02:43]} {[%emt 00:00:19]} 13.
f5 {[%clk 00:02:47]} {[%emt 00:00:07]} e6 {[%clk 00:02:03]} {[%emt 00:00:42]}
14. a3 {[%clk 00:02:39]} {[%emt 00:00:10]} Kb8 {[%clk 00:01:46]} {[%emt
00:00:19]} 15. b4 {[%clk 00:02:34]} {[%emt 00:00:07]} cxb4 {[%clk 00:01:29]}
{[%emt 00:00:19]} 16. axb4 {[%clk 00:02:35]} {[%emt 00:00:01]} Nh5 {[%clk
00:01:14]} {[%emt 00:00:17]} 17. Ne2 {[%clk 00:02:22]} {[%emt 00:00:14]} exf5
{[%clk 00:01:00]} {[%emt 00:00:16]} 18. Rxf5 {[%clk 00:02:17]} {[%emt
00:00:08]} Ne5 {[%clk 00:00:50]} {[%emt 00:00:12]} 19. b5 {[%clk 00:02:02]}
{[%emt 00:00:17]} Bf8 {[%clk 00:00:39]} {[%emt 00:00:13]} 20. Ra1 {[%clk
00:02:00]} {[%emt 00:00:04]} b6 {[%clk 00:00:38]} {[%emt 00:00:04]} 21. Nd4
{[%clk 00:01:53]} {[%emt 00:00:08]} Ng3 {[%clk 00:00:37]} {[%emt 00:00:03]} 22.
Rxe5 {[%clk 00:01:54]} dxe5 {[%clk 00:00:26]} {[%emt 00:00:13]} 23. Nc6+ {[%clk
00:01:55]} Kc8 {[%clk 00:00:14]} {[%emt 00:00:15]} 24. Rxa7 {[%clk 00:01:50]}
{[%emt 00:00:07]} Qd6 {[%clk 00:00:09]} {[%emt 00:00:07]} 25. Bxb6 {[%clk
00:01:22]} {[%emt 00:00:29]} f5 {[%clk 00:00:07]} {[%emt 00:00:04]} 26. Ra8+
{[%clk 00:00:48]} {[%emt 00:00:37]} Kb7 {[%clk 00:00:06]} {[%emt 00:00:03]} 27.
Rb8+ {[%clk 00:00:49]} {[%emt 00:00:01]} Qxb8 {[%clk 00:00:07]} 28. Nxb8 {[%clk
00:00:50]} {[%emt 00:00:01]} Kxb6 {[%clk 00:00:04]} {[%emt 00:00:05]} 29. Nd7+
{[%clk 00:00:51]} Kxb5 {[%clk 00:00:04]} {[%emt 00:00:02]} 30. Qb1+ {[%clk
00:00:35]} {[%emt 00:00:18]} Kc6 {[%clk 00:00:05]} {[%emt 00:00:02]} 31. Nb8+
{[%clk 00:00:32]} {[%emt 00:00:05]} Kc7 {[%clk 00:00:04]} {[%emt 00:00:02]} 32.
Na6+ {[%clk 00:00:32]} {[%emt 00:00:02]} Kd7 {[%clk 00:00:03]} {[%emt
00:00:02]} 33. Qb7+ {[%clk 00:00:31]} {[%emt 00:00:03]} Ke8 {[%clk 00:00:04]}
{[%emt 00:00:02]} 34. Nc7+ {[%clk 00:00:29]} {[%emt 00:00:05]} Kf7 {[%clk
00:00:05]} 35. Nd5+ {[%clk 00:00:20]} {[%emt 00:00:10]} Kg6 {[%clk 00:00:06]}
36. Qc6+ {[%clk 00:00:19]} {[%emt 00:00:04]} Kh5 {[%clk 00:00:07]} {[%emt
00:00:01]} 37. Nf6+ {[%clk 00:00:14]} {[%emt 00:00:07]} 1-0